Derecho de copropiedad inmobiliaria
Guardat en:
| Autor principal: | |
|---|---|
| Format: | Llibre |
| Idioma: | espanyol |
| Publicat: |
Santiago
Sociedad Editora Metropolitana
2004
|
| Matèries: | |
| Etiquetes: |
Afegir etiqueta
Sense etiquetes, Sigues el primer a etiquetar aquest registre!
|
MARC
| LEADER | 00000nam a2200000 a 4500 | ||
|---|---|---|---|
| 001 | UCI3948 | ||
| 003 | CL-VaPUC | ||
| 008 | 071207e20040000CL |||||||||||||||||spa|d | ||
| 020 | |a 9562860477 | ||
| 082 | 0 | 4 | |a 346.043 |b MEN |2 21 |
| 100 | |a Menanteau Horta, Hernán |e autor |9 594385 | ||
| 245 | 1 | 0 | |a Derecho de copropiedad inmobiliaria |
| 300 | |a 319 p | ||
| 942 | |c BK | ||
| 945 | |d 20071207 00:00:00 |a jtorresc | ||
| 260 | |a Santiago |b Sociedad Editora Metropolitana |c 2004 | ||
| 650 | 0 | |a Derecho de propiedad |9 256450 | |
| 650 | 0 | |a Copropiedad inmobiliaria |9 413824 | |
| 650 | 0 | |a Derecho privado |9 258243 | |
| 650 | 0 | |a Bienes raíces |9 307158 | |
| 650 | 0 | |a Naturaleza jurídica |9 371885 | |
| 650 | 0 | |a Viviendas sociales |9 266841 | |
| 583 | |a last modification |c 20071207 00:00:00 |k Rodrigo Vera | ||
| 999 | |c 327978 |d 327976 | ||
| 952 | |0 0 |1 0 |4 0 |6 346_043000000000000_MEN_2004 |7 0 |8 A |9 411571 |a BIBDER |b BIBDER |d 2019-11-22 |i 4394070 |l 1 |m 2 |o 346.043 MEN 2004 |p 4394070 |q 2025-12-31 |r 2020-03-18 |s 2020-03-18 |w 2019-11-22 |y BK |k DER | ||